| 000 | 00457cam a2200169u 4500 | ||
|---|---|---|---|
| 001 | unk83074344 | ||
| 003 | DLC | ||
| 005 | 20260227112801.0 | ||
| 008 | 840105s1933 ilu 000 0 eng | ||
| 010 | _aunk83074344 | ||
| 040 |
_aDLC _cCarP _dDLC |
||
| 050 | 0 | 0 |
_aQR201.D9 _bD49 |
| 100 | 1 |
_aDienst, Robert Baxton, _d1903- |
|
| 245 | 1 | 0 |
_aStudies on the variation of Bacterium dysentariae. _b(Sonne) |
| 260 |
_aChicago, _c1933. |
||
| 300 |
_aiii, 81 p. _c32 cm. |
||
| 999 |
_c91488 _d91488 |
||